Water technology : (Record no. 332070)

000 -LEADER
fixed length control field 01275cam a2200337 a 4500
001 - CONTROL NUMBER
control field 12105039
003 - CONTROL NUMBER IDENTIFIER
control field NUST
005 - DATE AND TIME OF LATEST TRANSACTION
control field 20171109094836.0
008 - FIXED-LENGTH DATA ELEMENTS--GENERAL INFORMATION
fixed length control field 000713s1999 enka b 001 0 eng d
010 ## - LIBRARY OF CONGRESS CONTROL NUMBER
LC control number 00269862
015 ## - NATIONAL BIBLIOGRAPHY NUMBER
National bibliography number GB99-48524
020 ## - INTERNATIONAL STANDARD BOOK NUMBER
International Standard Book Number 0340676450 (pbk.)
020 ## - INTERNATIONAL STANDARD BOOK NUMBER
International Standard Book Number 0470236329 (Wiley)
035 ## - SYSTEM CONTROL NUMBER
System control number (OCoLC)ocm41652200
040 ## - CATALOGING SOURCE
Original cataloging agency EUN
Transcribing agency EUN
Modifying agency UKM
-- OIP
-- DLC
042 ## - AUTHENTICATION CODE
Authentication code lccopycat
050 00 - LIBRARY OF CONGRESS CALL NUMBER
Classification number TD365
Item number .G73 1999
082 00 - DEWEY DECIMAL CLASSIFICATION NUMBER
Classification number 628.16 GRA
Edition number 21
100 1# - MAIN ENTRY--PERSONAL NAME
Personal name Gray, N. F.
9 (RLIN) 6217
245 10 - TITLE STATEMENT
Title Water technology :
Remainder of title an introduction for scientists and engineers /
Statement of responsibility, etc. N.F. Gray.
260 ## - PUBLICATION, DISTRIBUTION, ETC.
Place of publication, distribution, etc. London :
Name of publisher, distributor, etc. Arnold ;
Place of publication, distribution, etc. New York :
Name of publisher, distributor, etc. Wiley,
Date of publication, distribution, etc. 1999.
300 ## - PHYSICAL DESCRIPTION
Extent xi, 548 p. :
Other physical details ill. ;
Dimensions 25 cm.
500 ## - GENERAL NOTE
General note H.B
504 ## - BIBLIOGRAPHY, ETC. NOTE
Bibliography, etc. note Includes bibliographical references and index.
650 #0 - SUBJECT ADDED ENTRY--TOPICAL TERM
Topical term or geographic name entry element Water quality management.
9 (RLIN) 4954
650 #0 - SUBJECT ADDED ENTRY--TOPICAL TERM
Topical term or geographic name entry element Sewage disposal.
9 (RLIN) 392
650 #0 - SUBJECT ADDED ENTRY--TOPICAL TERM
Topical term or geographic name entry element Freshwater biology.
9 (RLIN) 6218
650 #0 - SUBJECT ADDED ENTRY--TOPICAL TERM
Topical term or geographic name entry element Water quality biological assessment.
9 (RLIN) 6219
856 42 - ELECTRONIC LOCATION AND ACCESS
Materials specified Publisher description
Uniform Resource Identifier <a href="http://www.loc.gov/catdir/description/els031/00269862.html">http://www.loc.gov/catdir/description/els031/00269862.html</a>
856 41 - ELECTRONIC LOCATION AND ACCESS
Materials specified Table of contents
Uniform Resource Identifier <a href="http://www.loc.gov/catdir/toc/els031/00269862.html">http://www.loc.gov/catdir/toc/els031/00269862.html</a>
906 ## - LOCAL DATA ELEMENT F, LDF (RLIN)
a 7
b cbc
c copycat
d 2
e ncip
f 20
g y-gencatlg
942 ## - ADDED ENTRY ELEMENTS (KOHA)
Source of classification or shelving scheme
Koha item type Book
Call number prefix IESE
Holdings
Withdrawn status Lost status Source of classification or shelving scheme Damaged status Not for loan Collection code Permanent Location Current Location Shelving location Date acquired Total Checkouts Full call number Barcode Date last seen Price effective from Koha item type
            Institute of Environmental Science and Engineering (IESE) Institute of Environmental Science and Engineering (IESE) General Stacks 11/09/2017   628.16 GRA IESE-433 11/09/2017 11/09/2017 Book
© 2023 Central Library, National University of Sciences and Technology. All Rights Reserved.